| 000 | 00996nam a2200265 a 4500 | ||
|---|---|---|---|
| 001 | BRCA_6434 | ||
| 005 | 20190320205442.0 | ||
| 008 | 210911s1925----gw-#######---#000-0#eng-# | ||
| 041 | _aeng | ||
| 044 | _agw | ||
| 050 | 4 |
_aPZ3 _b.B75 7 1925 |
|
| 100 | 1 |
_aMackenzie, Compton _d1883- _916074 |
|
| 245 | 1 | 0 |
_aThe old men of the sea _cby Compton Mackenzie. |
| 260 |
_aLeipzig, Alemania _bBernhard Tauchnitz _c1925 |
||
| 300 |
_a320 p. _c16 cm. |
||
| 440 | 0 |
_aCollection of British authors. Tauchnitz edition _vv. 4672 _916075 |
|
| 500 | _aContiene al final: lista completa de la Colección de Autores Británicos y Estadounidenses, 32 p. | ||
| 500 | _aEn la cubierta: Collection of British and American authors | ||
| 500 | _aEstado físico: Cubierta desprendida | ||
| 500 | _aVer también CEF6, H144, L2, L15, L16, L17, L18, L20, L22, L23, L24, L25, L26, L27, L32, L166, N9, N11, N12, N13 y N17 | ||
| 500 | _aL19 | ||
| 650 | 1 | 4 |
_aLiteratura inglesa _916076 |
| 902 | _aGFM | ||
| 942 |
_2lcc _cB |
||
| 999 |
_c6118 _d6118 |
||